Top 10 du Ballon d'Or (2000-2009) - Statistiques

Statistiques générales
  • Ce quiz a été pris 489 fois
  • Le résultat moyen est 77 sur 100
Statistiques - réponses
Hint Réponse % Correct
Cristiano Ronaldo
99%
2002 Ronaldo
99%
Lionel Messi
97%
Zinédine Zidane
97%
Thierry Henry
95%
Andrés Iniesta
93%
Didier Drogba
93%
Kaká
93%
Ronaldinho
93%
Xavi
93%
2000 Luís Figo
92%
Andriy Shevchenko
91%
Samuel Eto'o / John Terry
91%
2006 Fabio Cannavaro
90%
Samuel Eto'o
90%
Zlatan Ibrahimović
90%
David Beckham / Paolo Maldini
88%
2003 Pavel Nedvěd
86%
Gianluigi Buffon
84%
2001 Michael Owen
83%
Paolo Maldini
81%
Frank Lampard
77%
Steven Gerrard
77%
Wayne Rooney
77%
Iker Casillas
76%
Rivaldo
76%
Fernando Torres
75%
David Villa
74%
Oliver Kahn
74%
Roberto Carlos
73%
Andrea Pirlo
71%
Raúl
67%
David Beckham
65%
Alessandro Nesta
58%
Deco
58%
Ruud van Nistelrooy
58%
Alessandro Del Piero
56%
Miroslav Klose
55%
Francesco Totti
53%
Michael Ballack
52%
Andrey Arshavin
48%
Gabriel Batistuta
40%
Robinho
39%
Adriano
35%
Cesc Fàbregas
31%
Ricardo Carvalho
20%
Jens Lehmann
14%
Gaizka Mendieta
13%
Theodoros Zagorakis
7%
Yıldıray Baştürk
5%
Aucun quiz correspondant
Distribution des résultats
% des personnes avec chaque résultat
Percentile par nombre de réponses
Votre historique - résultats
Vous n’avez pas pris ce quiz